| 000 | 00679nam a22002297a 4500 | ||
|---|---|---|---|
| 999 |
_c17672 _d17672 |
||
| 003 | AR-CdUCM | ||
| 008 | 190509b ||||| |||| 00| 0 spa d | ||
| 040 |
_aMUNICIPALIDAD PROVINCIAL DEL CUSCO _cBIBLIOTECA MUNICIPAL DEL CUSCO |
||
| 082 |
_a828.915 / _bW44 |
||
| 100 |
_aWells, H. G. _918489 |
||
| 245 | _aEl mundo de William Clissold / | ||
| 260 |
_aMadrid : _bM. Aguilar, |
||
| 300 |
_a439 paginas ; _bIlustraciones, graficos, dibujos, _c20 cm. |
||
| 500 | _aNovelas | ||
| 505 | _aContenido : novela | ||
| 650 |
_aNovelas _9218 |
||
| 650 |
_aHistoria _9136 |
||
| 650 |
_aLiteratura _983 |
||
| 700 |
_aDubon, J _937811 |
||
| 942 |
_2ddc _cLIBROS |
||
| 945 |
_apjha _d2019-05-09 |
||